000 00380nam a22001457a 4500
999 _c9194
_d9194
003 OSt
008 201119b ||||| |||| 00| 0 eng d
020 _a9789389000399
100 _aNirvan, Kiran
245 _a21 Kesaria: The Untold Story of the Battle of Saragarh
260 _aNew Delhi
_bBloomsbury
_c2019
300 _a194p.
650 _aB.A Hons. English
942 _2ddc
_cBK
_01